000 00656nam a22001937a 4500
999 _c16868
_d16868
008 220420b ||||| |||| 00| 0 eng d
020 _a978814923385
082 _22022
_aDC 657
_bW643
100 _aWild, John J., author
_945071
245 _aPrinciples of financial accounting/
_cJohn J. Wild, Winston Kwok, Ken W. Shaw, authors
250 _aThird edition
260 _aNew York, NY:
_bMc Graw Hill,
_c2022.
300 _aiii, 719 pages:
_billustrations;
_c27 cm.
500 _aIncludes appendices and index.
650 _aAccounting
_945072
700 _aKwok, Winston,
_eauthor
_945073
700 _aShaw, Ken W.,
_eauthor
_945074
942 _2ddc
_cDC